| 000 | 00365nam a2200157Ia 4500 | ||
|---|---|---|---|
| 008 | 210716s1991 xx 000 0 und d | ||
| 020 | _a0684192624 | ||
| 041 | _aeng | ||
| 082 | _a813.54 MATE | ||
| 100 | _aMathis, Edward. | ||
| 245 | _aSeptember song. | ||
| 250 | _a1 | ||
| 260 |
_aNew York _bCharles Scribners Sons _c1991 |
||
| 300 | _a245 | ||
| 650 | _aNovels | ||
| 999 |
_c199930 _d199930 |
||